| 000 | 00569nam a2200181 i 4500 | ||
|---|---|---|---|
| 001 | bg | ||
| 245 | 0 |
_aApplied statistics algorithms / _ceditors P. Griffiths and I. D. Hill. |
|
| 260 |
_aChichester, _c1985. |
||
| 490 | 1 | _aEllis Harwood Series in Mathematics and Its Applications | |
| 700 | 1 |
_aGriffiths, Paul _d(1947- ). _eRed. |
|
| 700 | 1 |
_aHill, Ian David _d(1926- ). _eRed. |
|
| 830 | _aEllis Harwood Series in Mathematics and Its Applications | ||
| 040 | _cBPK | ||
| 041 | _apol | ||
| 080 | _a510.5 | ||
| 942 | _cKS | ||
| 008 | s pl f |000 0 pol | ||
| 999 |
_c23378 _d23378 |
||
| 856 |
_uhttp://koha.tu.koszalin.pl/cgi-bin/koha/opac-detail.pl?biblionumber=23378 _yKatalog online BPK |
||